000 00589nam a2200181 a 4500
001 000042673
005 20201002040322.0
008 140204s1996 sp a 001 0 spa d
020 _a8440662416
040 _aDO-SdBNP
_bspa
_cBNPHU
082 _axxxxxx
_bxxxxxx
100 1 _aHumphrey Bogart, Stephen
_969966
245 1 0 _aBogart :
_ben busca de mi padre /
_cStephen Humphrey Bogart, Gary Provost ; prólogo Lauren Bacall.
260 _aBarcelona, :
_bEdiciones B,
_c1996.
300 _a325 p. :
_bil. ;
_c23 cm.
700 1 _aProvost Gary
_969967
700 1 _aBacall, Lauren,
_epról.
_969968
999 _c42162
_d42162